| 000 | 00541nam a2200193Ia 4500 | ||
|---|---|---|---|
| 999 |
_c37465 _d37465 |
||
| 003 | OSt | ||
| 005 | 20200929125237.0 | ||
| 008 | 190216s9999||||xx |||||||||||||| ||und|| | ||
| 020 | _a9788171339037 | ||
| 040 | _coclc | ||
| 082 |
_a590 _bKOT/M |
||
| 100 |
_aKotpal, R L _95002 |
||
| 245 | 0 |
_aModern Text Book Of Zoology : _bInvertebrates / _cR L Kotpal |
|
| 250 | _a10th Ed. | ||
| 260 |
_bRasthogi Publications, _aMeerut: _c2007. |
||
| 300 | _a884p | ||
| 650 | _aZoology | ||
| 942 |
_cBK _2ddc _h590 _iKOT/M _k590 _mKOT/M |
||